Bài tập vật lí lí thuyết T.1 Cơ lí thuyết-điện động lực học và lí thuyết tương đối
Tuyển tập này dựa vào các bài tập đã được chọn lọc để giảng dạy và học tập bộ môn vật lí lí thuyết ở các trường đại học sư phạm
Αποθηκεύτηκε σε:
| Κύριος συγγραφέας: | |
|---|---|
| Άλλοι συγγραφείς: | , , , |
| Μορφή: | Βιβλίο |
| Γλώσσα: | Vietnamese |
| Έκδοση: |
Tp.HCM
Giáo dục
1983
|
| Σειρά: | Sách đại học sư phạm
|
| Θέματα: | |
| Ετικέτες: |
Προσθήκη ετικέτας
Δεν υπάρχουν, Καταχωρήστε ετικέτα πρώτοι!
|
| Thư viện lưu trữ: | Mạng thư viện Đại học Đà Nẵng |
|---|
| LEADER | 01801nam a2200445 4500 | ||
|---|---|---|---|
| 001 | 000008264 | ||
| 003 | 4449 | ||
| 005 | 20111019151055.0 | ||
| 008 | 111014s1983 viesd | ||
| 041 | 0 | |a vie | |
| 082 | |a 530.1 |b Bai | ||
| 100 | 0 | |a Nguyễn Hữu Minh | |
| 245 | 1 | 0 | |a Bài tập vật lí lí thuyết |c Nguyễn Hữu Minh, Đỗ Khắc Hướng, Nguyễn Khắc Nhạp... |n T.1 |p Cơ lí thuyết-điện động lực học và lí thuyết tương đối |
| 260 | |a Tp.HCM |b Giáo dục |c 1983 | ||
| 300 | |a 262tr : hình vẽ |c 21cm | ||
| 490 | |a Sách đại học sư phạm | ||
| 520 | |a Tuyển tập này dựa vào các bài tập đã được chọn lọc để giảng dạy và học tập bộ môn vật lí lí thuyết ở các trường đại học sư phạm | ||
| 653 | |a vật lí lý thuyết | ||
| 653 | |a giáo trình | ||
| 653 | |a cơ lí thuyết | ||
| 653 | |a điện động lực học | ||
| 653 | |a bài tập | ||
| 653 | |a lí thuyết tương đối | ||
| 700 | |a Đỗ Khắc Hướng |e Tác giả | ||
| 700 | |a Lê Trọng Tường |e Tác giả | ||
| 700 | |a Đỗ Đình Thanh |e Tác giả | ||
| 700 | |a Nguyễn Khắc Nhạp |e Tác giả | ||
| 700 | |a Nguyễn Hữu Minh |e Tác giả | ||
| 773 | |t Bài tập vật lí lí thuyết |w 4439 | ||
| 910 | |a Thanh |d 14/10/2011 | ||
| OWN | |a LSP | ||
| AVA | |a UDN50 |b LSP |d 530.1 Bai |e unavailable |t Error 5002 Not defined in file expand_doc_bib_avail. |f 1 |g 1 |h N |i 0 |k 1 | ||
| 999 | |a From the UDN01 | ||
| AVA | |a UDN50 |b LSP |d 530.1 Bai |e unavailable |t Error 5002 Not defined in file expand_doc_bib_avail. |f 1 |g 1 |h N |i 0 |k 1 | ||
| TYP | |a Monograph | ||
| TYP | |a Printed language | ||
| 980 | |a Mạng thư viện Đại học Đà Nẵng | ||